书目信息 |
| 书名: | Head Start | |
| 作者: | Edward Zigler. | |
| 分册号: | ||
| 分册名: | 出版地: | New York : |
|
| 出版社: | BasicBooks | |
| 出版时间: | 1992. | |
| 页数: | 274 p. ; | |
| 开本: | 20cm. | |
| 丛书名: | ||
| 中图分类号: | ||
| 科图分类号: | ||
| 其他分类号: | G571.29 | |
| 主题词: | ||
| 电子资源: | ||
| 000 | 00452nam 2200145 a 4500 | |
| 001 | E0131973784 | |
| 005 | 2001122508525289 | |
| 008 | 011225s1992 00010 eng | |
| 020 | @a0-465-02885-3 :@cRMB 12.00. | |
| 040 | @aPFT@beng | |
| 090 | @aG571.29 | |
| 099 | @dG571.29@eZ64 | |
| 245 | @aHead Start :@bthe Inside Story of American's Most Successful Educational Experiment / @cEdward Zigler. | |
| 260 | @aNew York :@bBasicBooks,@c1992. | |
| 300 | @a274 p. ;@c20cm. | |
| Head Start : : the Inside Story of American's Most Successful Educational Experiment / / Edward Zigler.-New York : : BasicBooks, , 1992. |
| 274 p. ; ; 20cm. |
| ISBN 0-465-02885-3 :RMB 12.00. |
| ● |
| 相关链接 |
|
|
|
正题名:Head Start
索取号:G571.29/Z64
 
预约/预借
| 序号 | 登录号 | 条形码 | 馆藏地/架位号 | 状态 | 备注 |
| 1 | 0920 | 300009201 | 社科库409/409社科库 119排2列3层/ [索取号:G571.29/Z64] | 在馆 |